Geography of travel and tourism

Αποθηκεύτηκε σε:
Λεπτομέρειες βιβλιογραφικής εγγραφής
Κύριος συγγραφέας: Hudman, Lloyd E.
Άλλοι συγγραφείς: Jackson, Richard H., 1941-
Μορφή: Βιβλίο
Γλώσσα:English
Δημοσίευση: Albany : Delmar Publishers, c1998
Έκδοση:3rd ed.
Θέματα:
Ετικέτες: Προσθήκη ετικέτας
Δεν υπάρχουν, Καταχωρήστε ετικέτα πρώτοι!

MARC

LEADER 00000cam a2200000 i 4500
001 1/70249
008 981120s1998 eng d
020 |a 0-7668-0371-6 
035 |l 10030590 
040 |a GR-MY-UA  |b gre  |e aacr 
041 0 |a eng 
082 0 |a 338.4791 
100 1 |a Hudman, Lloyd E. 
245 1 0 |a Geography of travel and tourism /  |c Lloyed E. Hudman; Richard H. Jackson 
250 |a 3rd ed. 
260 |a Albany :   |b Delmar Publishers,   |c c1998 
300 |a 536 p.  |b fig.; tabl. 
504 |a Includes bibliographical references and index 
650 0 0 |a Tourism. 
650 0 0 |a Travel. 
650 0 0 |a Geography. 
700 1 |a Jackson, Richard H.,   |d 1941- 
852 |a INST  |b LESVOS  |e 19981120  |h 338.4791 HUD  |p 005100018052  |q 005100018052  |t BK  |y 0 
901 |a BIBL-1998-3 
909 |a Λ  |b 059946 
922 |a 1ΕΛΗ  |b 199810  |c ΚΠΣ/ΤΓ  |d Παπασωτηρίου